Five Best Nations in Football by Continent - Statistics

General Stats
  • This quiz has been taken 268 times
  • The average score is 24 of 30
Answer Stats
# Answer % Correct
AFC (Asia) 18 Japan
96%
Concacaf (North America) 13 United States
96%
CONMEBOL (South America) 1 Argentina
95%
CONMEBOL (South America) 5 Brazil
95%
UEFA (Europe) 2 France
95%
Concacaf (North America) 15 Mexico
95%
Concacaf (North America) 50 Canada
93%
CONMEBOL (South America) 14 Colombia
92%
UEFA (Europe) 3 England
92%
AFC (Asia) 22 South Korea
92%
AFC (Asia) 23 Australia
91%
CONMEBOL (South America) 11 Uruguay
90%
CAF (Africa) 36 Egypt
89%
OFC (Oceania) 103 New Zealand
88%
CAF (Africa) 12 Morocco
87%
UEFA (Europe) 7 Portugal
87%
UEFA (Europe) 4 Belgium
85%
UEFA (Europe) 6 Netherlands
81%
CAF (Africa) 28 Nigeria
80%
CAF (Africa) 17 Senegal
80%
CONMEBOL (South America) 31 Ecuador
78%
Concacaf (North America) 44 Panama
75%
AFC (Asia) 20 Iran
73%
Concacaf (North America) 54 Costa Rica
71%
CAF (Africa) 39 Ivory Coast
70%
AFC (Asia) 37 Qatar
60%
OFC (Oceania) 165 Papua New Guinea
54%
OFC (Oceania) 131 Solomon Islands
42%
OFC (Oceania) 159 New Caledonia
27%
OFC (Oceania) 163 Tahiti
26%
No matching quizzes found
Score Distribution
Percent of People with Each Score
Percentile by Number Answered
Your Score History
You have not taken this quiz